00305nam a2200121Ia 4500008004100000041000800041082001500049100002000064245002900084260003300113300003000146365000700176240624s9999 xx 000 0 und d aeng a370.19 SUL aSULLIVAN ERIN E aSTUDY ABROAD FOR DUMMIES c2008aNew DelhibWiley India axx, : 336 : p. : cm. ; 23 b20